000 00842cam a2200277 4500
008 090401t1995 xxu||||| |||| 00| 0 eng d
020 _a1860810365
035 _a(Sirsi) u59395
041 _aeng
050 _a690
110 _aBuilding Research Establishment
245 2 _aA guide to attestation of conformity under the Construction Products Directive.
260 _aGarston, Watford
_bBuilding Research Establishment
_c1995
300 _a8p. ; 30cm.
350 _a0
490 _aBRE Digest
_v408
650 _aATTESTATION OF CONFORMITY
650 _aBUILT ENVIRONMENT-BUILDING MATERIALS
650 _aCE MARK
650 _aDIRECTIVE 89/106/EEC
650 _aBUILT ENVIRONMENT-BUILDING MATERIALS
650 _aEUROPEAN COMMUNITY
690 _aBUILT ENVIRONMENT-BUILDING MATERIALS
942 _n0
948 _c04/03/1997
999 _c94141
_d94141